000 00586nam a2200169 i 4500
001 75072
003 ES-MaACL
005 20230906172330.0
007 t|
008 040922s1929 sp ||||1| spa d
100 1 _aGorriz, Mariano.
_959226
245 1 0 _aTécnica de la función cisternal
_b: su valor diagnóstico y estudio comparativo de la composición de los líquidos cisternal y lumbar /
_cpor Mariano Gorriz y Lorenzo R. de Arcante.
260 _a[S.l :
_bs.n.,
_c1929]
300 _a46 p. ;
_c24 cm.
700 1 _aArcante, Lorenzo R. de.
_922435
852 _aES-MaACL
_j1732-F-9
999 _c75072
_d75072